<?xml version="1.0" encoding="UTF-8"?>
<record
    xmlns:xsi="http://www.w3.org/2001/XMLSchema-instance"
    xsi:schemaLocation="http://www.loc.gov/MARC21/slim http://www.loc.gov/standards/marcxml/schema/MARC21slim.xsd"
    xmlns="http://www.loc.gov/MARC21/slim">

  <leader>04695nam a22003857a 4500</leader>
  <controlfield tag="005">20260319063739.0</controlfield>
  <controlfield tag="008">151221b2015    ag ||||| |||| 00| 0 spa d</controlfield>
  <datafield tag="020" ind1=" " ind2=" ">
    <subfield code="a">9789876296175</subfield>
  </datafield>
  <datafield tag="082" ind1="0" ind2=" ">
    <subfield code="2">20</subfield>
    <subfield code="a">306.0982</subfield>
    <subfield code="b">CUL 967</subfield>
  </datafield>
  <datafield tag="245" ind1="0" ind2="3">
    <subfield code="a">La cultura Argentina hoy :</subfield>
    <subfield code="b">tendencias! /</subfield>
    <subfield code="c">compilaci&#xF3;n, Luis Alberto Quevedo.</subfield>
  </datafield>
  <datafield tag="260" ind1=" " ind2=" ">
    <subfield code="a">Buenos Aires : </subfield>
    <subfield code="b">Siglo XXI,</subfield>
    <subfield code="c">2015.</subfield>
  </datafield>
  <datafield tag="300" ind1=" " ind2=" ">
    <subfield code="a">415 p. ;</subfield>
    <subfield code="b">fot. ; </subfield>
    <subfield code="c">23 cm.</subfield>
  </datafield>
  <datafield tag="505" ind1="0" ind2=" ">
    <subfield code="t">Tendencia /</subfield>
    <subfield code="r">Luis Alberto Quevedo.</subfield>
    <subfield code="g">p.15-38.</subfield>
  </datafield>
  <datafield tag="505" ind1="0" ind2=" ">
    <subfield code="t">&#xBF;Cu&#xE1;nto o c&#xF3;mo se lee? De los libros a las pantallas /</subfield>
    <subfield code="r"> N&#xE9;stor Garc&#xED;a Canclini.</subfield>
    <subfield code="g">p.39-56.</subfield>
  </datafield>
  <datafield tag="505" ind1="0" ind2=" ">
    <subfield code="t">Filosof&#xED;a de la experiencia postidentitaria / </subfield>
    <subfield code="r"> Dar&#xED;o Sztajnszrajber.</subfield>
    <subfield code="g">p.57-88.</subfield>
  </datafield>
  <datafield tag="505" ind1="0" ind2=" ">
    <subfield code="t">Cuerpo, palabra y m&#xFA;sica en el tango del siglo XXI / </subfield>
    <subfield code="r">Gustavo Varela.</subfield>
    <subfield code="g">p.89-116.</subfield>
  </datafield>
  <datafield tag="505" ind1="0" ind2=" ">
    <subfield code="t">Devenires del apetito argentino / </subfield>
    <subfield code="r">Mat&#xED;as Bruera.</subfield>
    <subfield code="g">p.117-150.</subfield>
  </datafield>
  <datafield tag="505" ind1="0" ind2=" ">
    <subfield code="t">La escena teatral argentina en el siglo XXI. Permanencia, transformaciones, intensificaciones, aperturas / </subfield>
    <subfield code="r">Jorge Dubatti.</subfield>
    <subfield code="g">p.151-196.</subfield>
  </datafield>
  <datafield tag="505" ind1="0" ind2=" ">
    <subfield code="t">Narrativas transmedia. Cuando los relatos no se quedan quietos / </subfield>
    <subfield code="r">Ariana Vacchieri.</subfield>
    <subfield code="g">p.197-232.</subfield>
  </datafield>
  <datafield tag="505" ind1="0" ind2=" ">
    <subfield code="t">Cultura, juventud y pol&#xED;tica en los a&#xF1;os del Kirchnerismo / </subfield>
    <subfield code="r">Jos&#xE9; Natanson.</subfield>
    <subfield code="g">p.233-254.</subfield>
  </datafield>
  <datafield tag="505" ind1="0" ind2=" ">
    <subfield code="t">Anegados en la cultura. "Be creative!" / </subfield>
    <subfield code="r">Rubens Bayardo</subfield>
    <subfield code="g">p.255-286.</subfield>
  </datafield>
  <datafield tag="505" ind1="0" ind2=" ">
    <subfield code="t">N&#xF3;mades, convergentes, prot&#xE9;sicos y obnubilados. Los j&#xF3;venes ante las emergencias del campo tecnol&#xF3;gico digital / </subfield>
    <subfield code="r">Marcelo Urresti.</subfield>
    <subfield code="g">p.287-318.</subfield>
  </datafield>
  <datafield tag="505" ind1="0" ind2=" ">
    <subfield code="t">El cuerpo, modelo para (re)armar. Cartograf&#xED;a de im&#xE1;genes y experiencias en los consumos urbanos / </subfield>
    <subfield code="r">Silvia Citro.</subfield>
    <subfield code="g">p.319-348.</subfield>
  </datafield>
  <datafield tag="505" ind1="0" ind2=" ">
    <subfield code="t">La ciudad como lienzo de las culturas / </subfield>
    <subfield code="r">Mariana Chavez.</subfield>
    <subfield code="g">p.349-374.</subfield>
  </datafield>
  <datafield tag="505" ind1="0" ind2=" ">
    <subfield code="t">Nuevas y viejas formas de (des)encuentro amoroso. Claves generacionales / </subfield>
    <subfield code="r">Silvia Elizalde.</subfield>
    <subfield code="g">p.375-400.</subfield>
  </datafield>
  <datafield tag="520" ind1=" " ind2=" ">
    <subfield code="a">Durante el siglo XX la cultura fue un campo de batalla tan intenso como el de la guerra o el de la expansi&#xF3;n desenfrenada del capitalismo; fue el escenario en que murieron todos los g&#xE9;neros &#x2013;discursivos, art&#xED;sticos, sexuales&#x2013; entendidos como clasificaciones r&#xED;gidas. Por contraposici&#xF3;n, el siglo XXI parece libre de dramatismos, casi desangelado. &#xBF;C&#xF3;mo definir los rasgos culturales distintivos de este siglo, sin la pretensi&#xF3;n de dar con un solo &#x201C;esp&#xED;ritu de &#xE9;poca&#x201D;? Este libro, coordinado por Luis Alberto Quevedo, uno de los m&#xE1;ximos referentes en el estudio de la cultura actual, no s&#xF3;lo re&#xFA;ne trabajos capaces de revelar un estado de cosas; adem&#xE1;s, inventa y propone conceptos para pensar, fuera de los moldes heredados, estilos de vida, experiencias y manifestaciones art&#xED;sticas de nuestro presente.

A partir de la idea de &#x201C;tendencias&#x201D;, que no son modas moment&#xE1;neas sino pr&#xE1;cticas con cierto arraigo y estabilidad, los autores trazan un mapa de la cultura argentina de hoy y sus recorridos m&#xE1;s significativos. As&#xED;, explican la desaparici&#xF3;n del cuerpo natural y su transformaci&#xF3;n en territorio de intervenciones m&#xFA;ltiples (mediante cirug&#xED;as, tatuajes, piercings, el control de los alimentos que se consumen y el culto de diet&#xE9;ticas naturistas) o las mutaciones del espacio p&#xFA;blico, que se siente como un &#xE1;mbito amenazado por la &#x201C;otredad&#x201D; pero aparece surcado por eventos colectivos y una variada oferta cultural, desde La Noche de las Librer&#xED;as y las Gallery Nights hasta el auge del running urbano. Tambi&#xE9;n rese&#xF1;an las formas h&#xED;bridas que adoptan las culturas juveniles (los booktubers y los nuevos espectadores-cr&#xED;ticos, que reinventan la cr&#xED;tica literaria y de espect&#xE1;culos, al instalar una modalidad y una ret&#xF3;rica m&#xE1;s horizontales), las nuevas opciones de militancia pol&#xED;tica, el uso de las redes sociales, las tecnolog&#xED;as que ya se integraron a la vida cotidiana y cuya desmaterializaci&#xF3;n creciente cambiar&#xE1; tambi&#xE9;n los modos de existencia.

Al eludir la fugacidad oportunista programada por las industrias del entretenimiento, este libro capta las l&#xED;neas profundas que definen la cultura argentina, entre las pr&#xE1;cticas globalizadas y las particularidades locales, entre la libertad expresiva de las nuevas tecnolog&#xED;as y la influencia del mercado, entre el cultivo de una est&#xE9;tica &#x201C;retro&#x201D; y la imaginaci&#xF3;n del futuro. As&#xED;, sin forzar hip&#xF3;tesis totalizadoras, articula un panorama revelador de la sociedad contempor&#xE1;nea.</subfield>
  </datafield>
  <datafield tag="650" ind1=" " ind2="7">
    <subfield code="a">CULTURA</subfield>
    <subfield code="2">unescot</subfield>
    <subfield code="9">1719</subfield>
  </datafield>
  <datafield tag="650" ind1=" " ind2="7">
    <subfield code="2">unescot</subfield>
    <subfield code="9">1332</subfield>
    <subfield code="a">CULTURA DE MASAS</subfield>
  </datafield>
  <datafield tag="650" ind1=" " ind2="7">
    <subfield code="2">unescot</subfield>
    <subfield code="9">1333</subfield>
    <subfield code="a">INDUSTRIA CULTURAL</subfield>
  </datafield>
  <datafield tag="650" ind1=" " ind2="7">
    <subfield code="2">unescot</subfield>
    <subfield code="9">1334</subfield>
    <subfield code="a">ESTUDIOS CULTURALES</subfield>
  </datafield>
  <datafield tag="650" ind1=" " ind2="7">
    <subfield code="2">unescot</subfield>
    <subfield code="9">3758</subfield>
    <subfield code="a">CULTURA CONTEMPORANEA</subfield>
  </datafield>
  <datafield tag="650" ind1=" " ind2="7">
    <subfield code="2">unescot</subfield>
    <subfield code="9">3827</subfield>
    <subfield code="a">CULTURA NACIONAL</subfield>
  </datafield>
  <datafield tag="700" ind1="1" ind2=" ">
    <subfield code="9">9291</subfield>
    <subfield code="a">Quevedo, Luis Alberto</subfield>
    <subfield code="e">comp.</subfield>
  </datafield>
  <datafield tag="942" ind1=" " ind2=" ">
    <subfield code="c">LIBRO</subfield>
  </datafield>
  <datafield tag="999" ind1=" " ind2=" ">
    <subfield code="c">5647</subfield>
    <subfield code="d">5648</subfield>
  </datafield>
  <datafield tag="952" ind1=" " ind2=" ">
    <subfield code="0">0</subfield>
    <subfield code="1">0</subfield>
    <subfield code="4">0</subfield>
    <subfield code="7">0</subfield>
    <subfield code="a">UNM</subfield>
    <subfield code="b">UNM</subfield>
    <subfield code="d">2015-12-21</subfield>
    <subfield code="e">Donaci&#xF3;n Rectorado</subfield>
    <subfield code="i">13014</subfield>
    <subfield code="l">7</subfield>
    <subfield code="m">4</subfield>
    <subfield code="o">306.098 2 CUL 967</subfield>
    <subfield code="p">13014</subfield>
    <subfield code="r">2024-06-28 00:00:00</subfield>
    <subfield code="s">2024-05-31</subfield>
    <subfield code="t">Ej. C</subfield>
    <subfield code="w">2015-12-21</subfield>
    <subfield code="y">LIBRO</subfield>
  </datafield>
</record>
